000 00346nam a2200133Ia 4500
005 20260328104246.0
008 260328s9999||||xx |||||||||||||| ||und||
100 _aNieto Díaz, Humberto
245 0 _aPresupuesto de Obra /
_cHumberto Nieto Díaz
260 _bEscala
300 _a144 p.
650 _aCONSTRUCCIÓN - PLANEAMIENTO
942 _cBK
999 _c10081
_d10081